<?xml version="1.0" encoding="UTF-8"?>
<collection xmlns="http://www.loc.gov/MARC21/slim">
 <record>
  <leader>     na                 </leader>
  <controlfield tag="001">INLIS000000000003286</controlfield>
  <controlfield tag="005">20221107081632</controlfield>
  <datafield tag="035" ind1=" " ind2=" ">
   <subfield code="a">0010-0520003286</subfield>
  </datafield>
  <controlfield tag="008">221107                |          | eng  </controlfield>
  <datafield tag="020" ind1=" " ind2=" ">
   <subfield code="a">0471753696</subfield>
  </datafield>
  <datafield tag="041" ind1=" " ind2=" ">
   <subfield code="a">eng</subfield>
  </datafield>
  <datafield tag="082" ind1=" " ind2=" ">
   <subfield code="a">346.730</subfield>
  </datafield>
  <datafield tag="084" ind1=" " ind2=" ">
   <subfield code="a">346.730 MAR n</subfield>
  </datafield>
  <datafield tag="100" ind1="0" ind2=" ">
   <subfield code="a">Martin, Nathalie</subfield>
  </datafield>
  <datafield tag="700" ind1="0" ind2=" ">
   <subfield code="a">Stewart Paley</subfield>
  </datafield>
  <datafield tag="245" ind1="1" ind2="4">
   <subfield code="a">New Bankruptcy Law and You</subfield>
  </datafield>
  <datafield tag="260" ind1=" " ind2=" ">
   <subfield code="a">New Jersey :</subfield>
   <subfield code="b">John Wiley &amp; Sons,</subfield>
   <subfield code="c">2006</subfield>
  </datafield>
  <datafield tag="300" ind1=" " ind2=" ">
   <subfield code="a">xiv, 226p.;24 cm. ;</subfield>
   <subfield code="c">24 cm.</subfield>
  </datafield>
  <datafield tag="500" ind1=" " ind2=" ">
   <subfield code="a">Indeks : p.221-226</subfield>
  </datafield>
  <datafield tag="520" ind1=" " ind2=" ">
   <subfield code="a">&quot;Sweeping changes to U.S. bankruptcy law--the first major changes to the law in twenty- seven years--are occurring right now. If you're unfamiliar with the new bankruptcy law and how it could affect you, this book will quickly get you up to speed. While J.K. Lasser's The New Bankruptcy Law and You thoroughly covers this latest reform, along with its options and alternatives, it also answers must-know bankruptcy questions, such as: how do you decide whether bankruptcy is the right path to take, and if it is, when should you file? Other topics discussed include:the new law versus the old law, the basics of bankruptcy law that apply to all bankruptcies, preparing to file for bankruptcy, the liquidation option: Chapter 7, the payment plan option: Chapter 13, the basics of debtor-creditor law, preparing for a bright financial future, and much more. It can help you make more informed financial decisions when dealing with complicated bankruptcy issues. &quot; Featuring contributions from both upcoming and distinguished scholars, including Steven Lukes, Joseph Nye, and Stefano Guzzini, it explores the nature and location of 'power' in international politics through a variety of conceptual lenses. With a particular focus on the phenomenon of 'soft' power and different types of actors in a globalizing world, fifteen chapters assess the meaning of 'power' from the perspectives of realism, constructivism, global governance, and development studies, presenting discussions ranging from conceptual to practical oriented analyses. Power in World Politics attempts to broaden theoretical horizons to enrich our understanding of the distribution of power in world politics, thereby also contributing to the discovery and analysis of new political spaces. This is essential reading for all advanced students and scholars of international relations. &quot;</subfield>
  </datafield>
  <datafield tag="650" ind1=" " ind2="4">
   <subfield code="a">Bankruptcy-United States-Popular Works</subfield>
  </datafield>
  <datafield tag="650" ind1=" " ind2="4">
   <subfield code="a">Debtor and Creditor-United States-Popular Works</subfield>
  </datafield>
  <datafield tag="990" ind1=" " ind2=" ">
   <subfield code="a">10839/MKRI-P/XI-2008</subfield>
  </datafield>
  <datafield tag="990" ind1=" " ind2=" ">
   <subfield code="a">10840/MKRI-P/XI-2008</subfield>
  </datafield>
  <datafield tag="990" ind1=" " ind2=" ">
   <subfield code="a">10840/MKRI-P/XI-2008</subfield>
  </datafield>
  <datafield tag="990" ind1=" " ind2=" ">
   <subfield code="a">10839/MKRI-P/XI-2008</subfield>
  </datafield>
  <datafield tag="990" ind1=" " ind2=" ">
   <subfield code="a">10839/MKRI-P/XI-2008</subfield>
  </datafield>
  <datafield tag="990" ind1=" " ind2=" ">
   <subfield code="a">10840/MKRI-P/XI-2008</subfield>
  </datafield>
 </record>
</collection>
